T.B.OF APPLIED ELECTRONICS (Record no. 733759)

MARC details
000 -LEADER
fixed length control field 00237nam a2200097Ia 4500
008 - FIXED-LENGTH DATA ELEMENTS--GENERAL INFORMATION
fixed length control field 230508s2005 xx 000 0 und d
041 ## - LANGUAGE CODE
Language code of text/sound track or separate title eng
100 ## - MAIN ENTRY--PERSONAL NAME
Personal name SEDHA.R.S.
245 ## - TITLE STATEMENT
Title T.B.OF APPLIED ELECTRONICS
260 ## - PUBLICATION, DISTRIBUTION, ETC.
Name of publisher, distributor, etc. S. CHAND.& CO.
Date of publication, distribution, etc. 2005

No items available.